LEADER 01226nam1 2200385 450 001 990006012220203316 005 20150226142908.0 035 $a000601222 035 $aUSA01000601222 035 $a(ALEPH)000601222USA01 035 $a000601222 100 $a20111222d2014----km-y0itay50------ba 101 $aita 102 $aIT 105 $a||||||||001yy 200 1 $aDialoghi sul diritto dell'energia$fa cura di Marinella De Focatis e Angelo Maestroni 210 $aMilano$cGiuffré$d2014- 215 $avolumi$d24 cm 463 \1$1001990006012250203316$12001 $a<> <> concessioni idroelettriche 606 0 $aEnergia$xLegislazione$2BNCF 676 $a343.45092$v22 702 1$aDE FOCATIIS,$bMarinella 702 1$aMAESTRONI,$bAngelo 801 0$aIT$bsalbc$gISBD 912 $a990006012220203316 951 $aXXX.A. Coll. 199/42$bG. 959 $aBK 969 $aGIU 979 $aFIORELLA$b90$c20150226$lUSA01$h1419 979 $aFIORELLA$b90$c20150226$lUSA01$h1420 979 $aFIORELLA$b90$c20150226$lUSA01$h1422 979 $aFIORELLA$b90$c20150226$lUSA01$h1424 979 $aFIORELLA$b90$c20150226$lUSA01$h1429 996 $aDialoghi sul diritto dell'energia$91076832 997 $aUNISA LEADER 04787nam 2200817 450 001 9910135400903321 005 20240215122721.0 010 $a1-5261-0282-X 010 $a1-84779-887-X 035 $a(CKB)3810000000000104 035 $a(SSID)ssj0001496861 035 $a(PQKBManifestationID)12629820 035 $a(PQKBTitleCode)TC0001496861 035 $a(PQKBWorkID)11488382 035 $a(PQKB)10430475 035 $a(MiAaPQ)EBC4921319 035 $a(OCoLC)981863954 035 $a(MdBmJHUP)muse59482 035 $a(UkMaJRU)992976649725101631 035 $a(DE-B1597)659610 035 $a(DE-B1597)9781847798879 035 $a(EXLCZ)993810000000000104 100 $a20190103d2015 uy| 0 101 0 $aeng 135 $aurmu#nnnuuuuu 181 $ctxt$2rdacontent 182 $cc$2rdamedia 183 $acr$2rdacarrier 200 14$aThe making of British bioethics /$fDuncan Wilson 210 1$aManchester, UK :$cManchester University Press,$d2015. 215 $a1 online resource (xi, 303 pages) $cportrait; digital, PDF file(s) 225 0 $aManchester History of Medicine 300 $aBibliographic Level Mode of Issuance: Monograph 311 $a1-5261-0283-8 311 $a0-7190-9619-7 320 $aIncludes bibliographical references and index. 327 $aIntroduction --1. Ethics 'by and for professions': the origins and endurance of club regulation --2. Ian Ramsey, theology and 'trans-disciplinary' medical ethics --3. 'Who's for bioethics?' Ian Kennedy, oversight and accountability in the 1980s --4. 'Where to draw the line?' Mary Warnock, embryos and moral expertise --5. 'A service to the community as a whole': the emergence of bioethics in British universities --6. Consolidating the 'ethics industry': a national ethics committee and bioethics during the 1990s --Conclusion --Bibliography --Index. 330 3 $aRecent decades have witnessed profound shifts in the politics of medicine and the biological sciences. Members of several professions, including philosophers, lawyers and social scientists, now discuss and help regulate issues that were once left to doctors and scientists, in a form of outside involvement known as ?bioethics?. The making of British bioethics provides the first in-depth study of the growing demand for this outside involvement in Britain, where bioethicists have become renowned and influential ?ethics experts?. The book moves beyond existing histories, which often claim that bioethics arose in response to questions surrounding new procedures such as in vitro fertilisation. It shows instead that British bioethics emerged thanks to a dynamic interplay between changing sociopolitical concerns and the aims of specific professional groups and individuals. Highlighting this interplay has important implications for our understanding of how issues such as embryo experiments, animal research and assisted dying became high profile ?bioethical? concerns in late twentieth century Britain. And it also helps us appreciate how various individuals and groups intervened in and helped create the demand for bioethics, playing a major role in their transformation into ?ethics experts?. The making of British bioethics draws on a wide range of materials, including government archives, popular sources, professional journals, and original interviews with bioethicists and politicians. It is clearly written and will appeal to historians of medicine and science, general historians, bioethicists, and anyone interested in what the emergence of bioethics means for our notions of health, illness and morality. 606 $aBioethics$zGreat Britain$xHistory 606 $aMedicine$2bicssc 606 $aMedicine: general issues$2bicssc 606 $aHistory of medicine$2bicssc 606 $aMEDICAL / History$2bisach 607 $aGrossbritannien$2gnd 607 $aGreat Britain$2fast 608 $aHistory. 610 $aBritish bioethics. 610 $aBritish universities. 610 $aIan Kennedy. 610 $aIan Ramsey. 610 $aMary Warnock. 610 $aassisted dying. 610 $abioethics committee. 610 $aclub regulation. 610 $aembryo research. 610 $aexternal oversight. 610 $ain vitro fertilisation. 610 $atransdisciplinary groups. 615 0$aBioethics$xHistory. 615 7$aMedicine. 615 7$aMedicine: general issues. 615 7$aHistory of medicine. 615 7$aMEDICAL / History. 676 $a174.2 700 $aWilson$b Duncan$f1978-$0912273 712 02$aManchester University Press, 801 2$bUkMaJRU 906 $aBOOK 912 $a9910135400903321 996 $aThe making of British bioethics$92042642 997 $aUNINA